000 00304nam a22001097a 4500
008 180803b xxu||||| |||| 00| 0 eng d
082 _a813.52
245 _aMaking Enough Milk, The Key to Successful Breastfeeding... Planning for Day One
_cMorton,J
260 _c2008
300 _a1
_fCD
942 _2ddc
_cMX
999 _c46772
_d46772